Statistics for U.S. Political Pundits

Click here to take the quiz!

General Stats

  • This quiz has been taken 320 times
  • The average score is 12 of 21

Answer Stats

HintAnswer% Correct
Alaska Governor. VP candidate. Dropped from Fox News.Sarah Palin
88%
No spin zone. The _______ Factor. Forced out of Fox News.Bill O’Reilly
80%
Former Daily Show host.Jon Stewart
80%
According to ^ is a “Big Fat Idiot.” Conservative radio.Rush Limbaugh
79%
Speaker of the House from GA. Repub. Pres. candidate.Newt Gingrich
72%
SNL. Liberal author. U.S. Senator.Al Franken
71%
Minister. Ark. Governor. Pres. candidate. Former Fox News show.Mike Huckabee
66%
MSNBC host. Openly gay liberal.Rachel Maddow
64%
Former Comedy Central, now CBS late show host.Stephen Colbert
60%
In Clinton White House, then ABC. Tough name to spell.George Stephanopoulos
57%
Jesse Jackson protégé. Minister. Pres. candidate. MSNBC.Al Sharpton
56%
Deliberately provocative right-wing female.Ann Coulter
52%
Liberal talk radio. President’s son.Ron Reagan
51%
Politically Incorrect comic. Religulous.Bill Maher
49%
Conservative conspiracy theorist. Booted from Fox News.Glenn Beck
45%
Greek-born liberal. Runs news website.Arianna Huffington
42%
Clinton campaign mgr. Ragin’ Cajun.James Carville
42%
Longtime ESPN, then MSNBC ranter, then Current TV...Keith Olbermann
41%
Indian-American. Newsweek, Time, CNN. GPS.Fareed Zakaria
27%
Conservative columnist, author, Pulitzer winner. Baseball fan.George Will
27%
Fedora. Runs news aggregation website.Matt Drudge
25%

Score Distribution

Percentile by Number Answered

Percent of People with Each Score

Your Score History

You have not taken this quiz